|
|
|
|
| LEADER |
00000cam a2200000 4500 |
| 001 |
vtls012243978 |
| 003 |
SK-MaSNL |
| 005 |
20260302051449.0 |
| 008 |
231114s2023 xo c 000 j slo |
| 015 |
|
|
|a SNBA2024/01
|
| 020 |
|
|
|a 9788056636459
|q (viazané)
|
| 040 |
|
|
|a SNK
|b slo
|c SNK
|e rda
|
| 041 |
1 |
|
|a slo
|h eng
|
| 044 |
|
|
|a xo
|c SK
|
| 072 |
|
7 |
|a 821.111-3
|x Anglická próza, anglicky písaná
|2 konspekt
|
| 072 |
|
7 |
|a 82-93
|x Literatúra pre deti a mládež (beletria)
|2 konspekt
|
| 080 |
|
|
|a 821.111(931)-31
|2 2011
|
| 080 |
|
|
|a 82-93-053.4/.5
|2 2011
|
| 100 |
1 |
|
|a Gregg, Stacy,
|d 1968-
|4 aut
|9 208495
|
| 240 |
1 |
4 |
|a The Island of Lost Horses
|l Slovensky
|
| 245 |
1 |
0 |
|a Ostrov stratených koní
|c Stacy Greggová ; z anglického originálu The Island of Lost Horses ... preložila Milica Ivovič
|
| 246 |
1 |
|
|i Obálkový podnázov:
|a Skutočná záhada a neuveriteľné priateľstvo
|
| 250 |
|
|
|a Druhé slovenské vydanie
|
| 264 |
|
1 |
|a Bratislava
|b Fragment
|c 2023
|
| 300 |
|
|
|a 253 strán
|c 21 cm
|
| 336 |
|
|
|a text
|b txt
|2 rdacontent
|
| 337 |
|
|
|a bez média
|b n
|2 rdamedia
|
| 338 |
|
|
|a zväzok
|b nc
|2 rdacarrier
|
| 500 |
|
|
|a Vydalo vydavateľstvo Fragment v spoločnosti Albatros Media Slovakia, s.r.o.
|
| 521 |
8 |
|
|a Pre čitateľov od 9 rokov
|
| 655 |
|
7 |
|a novozélandské romány
|2 SNKPH
|9 118318
|
| 655 |
|
7 |
|a literatúra pre deti a mládež
|2 SNKPH
|9 189378
|
| 655 |
|
7 |
|a New Zealand fiction
|2 SNKPHeng
|9 313524
|
| 655 |
|
7 |
|a Children's and juvenile literature
|2 SNKPHeng
|9 212725
|
| 700 |
1 |
|
|a Ivovič, Milica
|4 trl
|9 197140
|
| 710 |
2 |
|
|a Albatros Media Slovakia.
|b Fragment
|4 pbl
|9 193328
|
| 852 |
|
|
|a Slovenská národná knižnica
|
| 919 |
|
|
|a 978-80-566-3645-9
|
| 954 |
|
|
|a beletria cudzojazyčná (svetová)
|2 lita
|
| 958 |
|
|
|a LX
|
| 958 |
|
|
|a DB
|
| 958 |
|
|
|a UP
|
| 968 |
|
|
|b ENG
|
| 999 |
|
|
|c 1101310
|d 1103240
|
| 952 |
|
|
|a SNK
|b SNK
|y PREZ
|7 0
|p 17A1540123
|o snkSC 204455
|i snk2023/17491
|8 0
|0 0
|1 0
|4 0
|d 2023-11-30
|l 0
|r 2025-10-28 00:00:00
|w 2026-02-24
|
| 952 |
|
|
|a SNK
|b SNK
|y PREZ
|7 0
|p 17A1540124
|o snkSC 204455 D1
|i snk2023/17492
|8 0
|0 0
|1 0
|4 0
|d 2023-11-30
|l 0
|r 2026-02-24 17:30:23
|w 2026-02-24
|